Hymna ČSSR Hymna SSSR ; Internacionála ; Píseň práce /

Hlavní autor: Uhlíř, Jan, 1894-1970
Další autoři: Fadrhons, Jan, 1910-1963
Jazyk: Čeština
Vydáno: Praha : Supraphon, 1975
Vydání: 1. vyd.
Edice: Dechová hudba (Supraphon)
Fyzický popis: 24 hlasů
Hudebniny Hudebniny
Uloženo v:
LEADER 01112ncm a22003132a 4500
001 000575435
003 CZ BrMZK
005 20110518153127.0
007 qu
008 011022s1975 xr f cze d
040 |a BOA001  |b cze 
072 7 |a 784  |x Vokální hudba  |2 Konspekt  |9 9 
100 1 |a Uhlíř, Jan,  |d 1894-1970  |7 xx0022906  |4 arr 
245 1 0 |a Hymna ČSSR  |h [hudebnina] ;  |b Hymna SSSR ; Internacionála ; Píseň práce /  |c pro dechovou hudbu upravil Jan Uhlíř a Jan Fadrhons 
250 |a 1. vyd. 
260 |a Praha :  |b Supraphon,  |c 1975 
300 |a 24 hlasů 
490 1 |a Dechová hudba ;  |v 420 
700 1 |a Fadrhons, Jan,  |d 1910-1963  |7 jn20000400650  |4 arr 
740 0 2 |a Hymna SSSR 
740 0 2 |a Internacionála 
740 0 2 |a Píseň práce 
830 0 |a Dechová hudba (Supraphon) 
910 |a BOA001  |b Mus1-0735.307  |b PK-0073.415 
920 |a 000179360 
990 |a MU 
991 |b 201101 
996 7 |b 2619731889  |c Mus1-0735.307  |l MZK  |r Sklad / do 1 hodiny  |n 0  |w 000575435  |u 000010  |a 1  |e BOA001  |j MZK50  |s A 
996 7 |b 3119819540  |c PK-0073.415  |l MZK  |r Sklad / do 1 hodiny  |n 1  |w 000575435  |u 000020  |a 1  |e BOA001  |j MZK50  |s A